Library Logo

وکنت عشقا / (Record no. 213755)

000 -LEADER
fixed length control field 00547nam a22001817a 4500
003 - CONTROL NUMBER IDENTIFIER
control field BD-DhUL
005 - DATE AND TIME OF LATEST TRANSACTION
control field 20170823161844.0
008 - FIXED-LENGTH DATA ELEMENTS--GENERAL INFORMATION
fixed length control field 170320s2006 ua ||||| |||| 00| 0 ara d
040 ## - CATALOGING SOURCE
Original cataloging agency BD-DhUL
Transcribing agency BD-DhUL
082 ## - DEWEY DECIMAL CLASSIFICATION NUMBER
Classification number 892.71
Item number SHW
100 1# - MAIN ENTRY--PERSONAL NAME
Personal name الشبراوی، زکی
245 10 - TITLE STATEMENT
Title وکنت عشقا /
Statement of responsibility, etc. زکی الشبراوی
260 ## - PUBLICATION, DISTRIBUTION, ETC. (IMPRINT)
Place of publication, distribution, etc. القاھرۃ :
Name of publisher, distributor, etc. الھیئۃ المسریۃ العامۃ للکتاب،
Date of publication, distribution, etc. ۔۲۰۰۶
300 ## - PHYSICAL DESCRIPTION
Extent ص۔ ۸۱ ؛
Dimensions ۱۹ سم۔
365 ## - TRADE PRICE
Price type code BDT
Price amount 50
650 #0 - SUBJECT ADDED ENTRY--TOPICAL TERM
Topical term or geographic name as entry element Arabic poetry
942 ## - ADDED ENTRY ELEMENTS (KOHA)
Source of classification or shelving scheme
Koha item type Books
Holdings
Price effective from Date last seen Permanent Location Not for loan Date acquired Source of classification or shelving scheme Koha item type Lost status Withdrawn status Copy number Source of acquisition Collection code Damaged status Shelving location Barcode Current Location Full call number
2017-08-232017-08-23Dhaka University Library 2017-08-23 Books  1purchasedNon Fiction General Stacks440758Dhaka University Library892.71 SHW
2017-08-232017-08-23Dhaka University Library 2017-08-23 Books  2purchasedNon Fiction General Stacks440803Dhaka University Library892.71 SHW
Last Updated on September 15, 2019
© Dhaka University Library. All Rights Reserved|Staff Login